Biggest Countries with 3 Colour Flags - Statistics

General Stats
  • This quiz has been taken 24 times
  • The average score is 14 of 20
Answer Stats
km² Country % Correct
17,098,242 Russia
100%
7,692,024 Australia
95%
9,372,610 United States
91%
2,381,741 Algeria
86%
551,695 France
82%
1,141,748 Colombia
73%
1,648,195 Iran
73%
1,240,192 Mali
73%
1,267,000 Niger
73%
1,284,000 Chad
68%
2,344,858 DR Congo
68%
1,564,110 Mongolia
68%
756,102 Chile
64%
1,246,700 Angola
59%
513,120 Thailand
59%
1,030,700 Mauritania
55%
475,442 Cameroon
50%
587,041 Madagascar
45%
527,968 Yemen
45%
582,000 Botswana
41%
No matching quizzes found
Score Distribution
Percent of People with Each Score
Percentile by Number Answered
Your Score History
You have not taken this quiz